| 000 | 00629nam a2200205Ia 4500 | ||
|---|---|---|---|
| 003 | OSt | ||
| 005 | 20250208092146.0 | ||
| 008 | 210210b1978 xxu||||| |||| 00| 0 eng d | ||
| 040 | _cAL | ||
| 041 | _aKannada | ||
| 082 | _aK894.9 KANR | ||
| 100 |
_aKANNADA SAHITYA PARISHATTU _dಕನ್ನಡ ಸಾಹಿತ್ಯ ಪರಿಷತ್ತು _9198481 |
||
| 245 |
_aRannakavi Prashasti _b ರನ್ನಕವಿ ಪ್ರಶಸ್ತಿ |
||
| 260 |
_aBengaluru _bKannada Sahitya Parishattu _c1978 |
||
| 300 | _axxiv,253 | ||
| 650 |
_aRanna _9198482 |
||
| 690 |
_aKannada Criticism _9198483 |
||
| 906 | _a036468 | ||
| 942 |
_2ddc _cBK |
||
| 999 |
_c86959 _d86959 |
||